000 00490nam a2200181Ia 4500
008 240925s9999 xx 000 0 und d
020 _a9789385676208
082 _a425 VER
100 _aVerma, Shalini ; Anand, Reetesh
245 0 _aCommon Errors in English
250 _aNA
260 _aNew Delhi:
_bS. Chand & Co
_c,2016.
300 _a364p.
_b0
_fOriginal
500 _aIncludes Index
600 _aHumanities & Natural Science
650 _aEnglish and Old English
942 _cBK
999 _c17350
_d17350